[Event "XXVII RUS-chT Premier 2020"]
[Site "Sochi"]
[Date "2020.11.28"]
[Round "9.30"]
[White "Yuffa, Daniil"]
[Black "Zakhartsov, Vladimir"]
[Result "1-0"]
[WhiteElo "2565"]
[BlackElo "2484"]
[Annotator "TA"]
[PlyCount "97"]
[EventDate "2020.11.19"]
[EventType "team-tourn"]
[EventCountry "RUS"]
[SourceTitle "playchess.com"]
[Source "ChessBase"]
[SourceQuality "1"]

{[%evp 13,97,0,0,-2,22,15,10,8,31,20,31,31,60,60,60,54,76,79,71,75,86,94,97,91,91,89,91,91,91,90,88,86,90,90,92,90,90,73,79,78,90,90,98,80,81,45,50,36,93,36,52,34,33,24,26,27,27,32,208,199,191,201,439,427,754,454,454,454,623,590,581,581,906,729,674,570,999,974,1008,960,835,760,6226,29958,4731,2060]} 1. d4 Nf6 2. c4 e6 3. g3 Bb4+ 4. Bd2 Be7 5. Bg2 d5 6. Nf3 O-O 7. O-O Nbd7 8. Bc3 {E11: Bogo-Indian.} c6 9. Nbd2 b6 10. b4 $5 {[%mdl 4] The position is equal. Exploring less charted territory.} c5 {[#]} 11. bxc5 $5 $146 {[%mdl 8] New and interesting.} ({Predecessor:} 11. Ne5 cxd4 12. Nc6 Qe8 13. Bxd4 Bb7 14. cxd5 Nxd5 15. b5 Nc5 16. e4 Bxc6 17. bxc6 {0-1 (28) Theodorou,N (2555)-Oparin,G (2660) Tianjin 2019}) 11... bxc5 12. Ne5 Qc7 {White should prevent ...cxd4.} 13. Nxd7 Bxd7 14. dxc5 Rac8 15. Rb1 Rfd8 16. Nb3 {[%cal Bd2b3,Bb3a5,Ba5b7][%mdl 32] Strongly threatening Ba5.} Ba4 17. Ba5 {[%mdl 64] [#] Skewer} Qxa5 18. Nxa5 Bxd1 19. Rfxd1 Bxc5 20. Nb7 Re8 21. cxd5 exd5 22. Bxd5 Nxd5 23. Rxd5 Bf8 24. Rb2 Ba3 25. Rb3 Bf8 26. Rd2 Rc1+ 27. Kg2 Rec8 28. Rbd3 g6 29. g4 R8c4 30. h3 Rb1 (30... Bb4 $14) 31. Rd7 (31. Nd6 $16 Rcb4 32. e3) 31... Rcc1 $1 $14 32. Nd8 Rh1 $1 33. Nxf7 Rbg1+ 34. Kf3 {[#] Threatens to win with Ng5.} Rxh3+ 35. Kf4 {And now Rc7 would win.} Rg2 $2 {Loses the game.} (35... h5 $14) 36. e3 $18 h5 37. Ne5 ({Not} 37. Rxa7 Rxg4+ 38. Ke5 Bg7+ 39. Ke6 Re4+ 40. Kd5 Re8 $11) 37... Rhh2 $2 (37... a5 38. gxh5 (38. Nxg6 hxg4 39. Rd8 Rf3+ 40. Ke4 Rf6 $18) 38... gxh5) 38. Kf3 Bg7 (38... Rg1 $142 39. Rxa7 (39. Nxg6 hxg4+ 40. Ke4 g3 $16) 39... hxg4+ 40. Nxg4 Rh3+ 41. Kf4 g5+ 42. Kxg5 Rf3) 39. Rc2 a5 40. a4 Bf8 41. Rb7 Bg7 42. Ra7 Bh6 43. Ra8+ Bf8 44. Rxa5 Rg1 45. Ra8 hxg4+ 46. Nxg4 Rh3+ 47. Kf4 g5+ 48. Kf5 Rf3+ 49. Ke4 {Weighted Error Value: White=0.15/Black=0.34} 1-0